| 000 | 00595nam a2200169 a 4500 | ||
|---|---|---|---|
| 008 | 120416s2001 ||||||||||||||||| || u | ||
| 020 | _a0421769408 | ||
| 050 | _aK 13 Gre | ||
| 100 | _aGreenburg, Daniel | ||
| 245 | 1 | 0 | _aStroud's judicial dictionary of words and phrases: first supplement to the 6th edition |
| 260 |
_aLondon: _bSweet & Maxwell _c2001 |
||
| 300 | _axxx, 69p. | ||
| 350 | _a0.00 | ||
| 650 | _aLAW | ||
| 650 | _aLAW--GREAT BRITAIN--DICTIONARIES | ||
| 995 |
_D0.00 _FCBU-MAIN LIBRARY (Kitwe) _H1 _I0.00 _M1 _UREFERENCE _ZReference Collection |
||
| 999 |
_c58650 _d58650 |
||